| 000 | 00671nam a2200205Ia 4500 | ||
|---|---|---|---|
| 999 |
_c28689 _d28689 |
||
| 003 | GCL | ||
| 005 | 20240530101920.0 | ||
| 008 | 140319s9999 xx 000 0 ara d | ||
| 040 |
_aGCL / _cGCL |
||
| 082 | 0 | 4 |
_a217.5 _bا ص |
| 100 | 1 | _aامين الخولى | |
| 245 | 1 | 0 |
_aصلة الاسلام باصلاح المسيحية / _cامين الخولى |
| 260 |
_a[S.N] : _bالهيئة المصرية العامة للكتاب ، _c1993 |
||
| 300 | _a83 ص | ||
| 490 |
_aالاعمال الكاملة _v0 |
||
| 650 | 0 | 4 | _aالاسلام |
| 650 | 0 | 4 | _aالاسلام والمسيحية |
| 650 | 0 | 4 | _aالاسلام والديانات الاخرى |
| 942 |
_2ddc _cBK |
||